Prosperous places (Record no. 108043)

MARC details
000 -LEADER
fixed length control field 01551cad a22002415a 4500
001 - CONTROL NUMBER
control field L143031
008 - FIXED-LENGTH DATA ELEMENTS--GENERAL INFORMATION
fixed length control field 080402e20080331xxk f f000 0 eng d
035 ## - SYSTEM CONTROL NUMBER
System control number (Sirsi) u143031
041 0# - LANGUAGE CODE
Language code of text/sound track or separate title eng
050 04 - LIBRARY OF CONGRESS CALL NUMBER
Classification number 711.52 $2 18
110 1# - MAIN ENTRY--CORPORATE NAME
Corporate name or jurisdiction name as entry element United Kingdom
Subordinate unit Department for Business, Enterprise and Regulatory Reform
9 (RLIN) 5262
245 00 - TITLE STATEMENT
Title Prosperous places
Remainder of title taking forward the review of sub national economic development and regeneration
Medium [electronic resource]
260 ## - PUBLICATION, DISTRIBUTION, ETC.
Place of publication, distribution, etc. London
Name of publisher, distributor, etc. BERR
Date of publication, distribution, etc. 2008
520 ## - SUMMARY, ETC.
Summary, etc. Consultation paper makes government policy recommendations made in a previous policy review (L139368). Describes a framework aimed at maximising prosperity throughout England and tackling social deprivation and inequality. Proposals streamlining the regional tier, introducing integrated regional strategies and giving regional development agencies lead responsibility for these. Advocates a strengthening of local authority roles in economic development. Supports collaboration by authorities across economic areas. Also considers transitional arrangements. Responses are due by 20 June 2008.
521 2# - TARGET AUDIENCE NOTE
Target audience note Advanced
590 ## - LOCAL NOTE (RLIN)
Local note KA
651 #4 - SUBJECT ADDED ENTRY--GEOGRAPHIC NAME
Geographic name England
Chronological subdivision 886-
690 ## - LOCAL SUBJECT ADDED ENTRY--TOPICAL TERM (OCLC, RLIN)
Topical term or geographic name as entry element ENVIRONMENTAL AND LAND CONSULTANCY-SUSTAINABILITY-SUSTAINABLE DEVELOPMENT
690 ## - LOCAL SUBJECT ADDED ENTRY--TOPICAL TERM (OCLC, RLIN)
Topical term or geographic name as entry element PROPERTY-PROPERTY MANAGEMENT-REGENERATION
710 1# - ADDED ENTRY--CORPORATE NAME
Corporate name or jurisdiction name as entry element United Kingdom
Subordinate unit Department for Communities and Local Government
9 (RLIN) 4939
856 40 - ELECTRONIC LOCATION AND ACCESS
Uniform Resource Identifier <a href="https://www.berr.gov.uk/consultations/page45474.html">https://www.berr.gov.uk/consultations/page45474.html</a>
Public note View the consultation paper free of charge at www.berr.gov.uk...
942 ## - ADDED ENTRY ELEMENTS (KOHA)
Suppress in OPAC 0
Holdings
Withdrawn status Lost status Source of classification or shelving scheme Damaged status Not for loan Home library Current library Shelving location Date acquired Total Checkouts Full call number Barcode Date last seen Copy number Price effective from Koha item type
    Dewey Decimal Classification     Virtual Virtual Online 02/04/2008   ONLINE PUBLICATION 143031-1001 06/08/2019 1 06/08/2019 Book